| 000 | 00553nam a22001457a 4500 | ||
|---|---|---|---|
| 008 | 230829b |||||||| |||| 00| 0 eng d | ||
| 050 | _aQD49 .K4K45 1990 | ||
| 100 | _aKIE | ||
| 245 |
_aSecondary Chemistry Form 4 Pupils' book : _bIncluding physical science chemistry/ _cKenya Institute of Education |
||
| 260 |
_aNairobi : _bKenya literature bureau, _c1990 |
||
| 300 |
_ax, 254p. : _bill. ; _c24 |
||
| 500 | _aInclude index | ||
| 650 |
_aChemistry _vsecondary school _xform 4 _y8.4.4 Syllabus |
||
| 942 |
_2lcc _cBOOKS _hQD49 .K4K45 1990 |
||
| 999 |
_c31843 _d31843 |
||